Guess That Conan Gray Song!!! Vol 5 - Statistics

General Stats
  • This quiz has been taken 46 times
  • The average score is 263 of 410
Answer Stats
LYRICS % Correct
I
97%
You
97%
you
97%
a
95%
we
89%
We
89%
the
86%
are
84%
on
84%
your
84%
Why,
81%
why,
81%
why
81%
(Why)
81%
Why
81%
why?
81%
and
78%
And
78%
in
78%
So
78%
do
76%
do?
76%
no
76%
of
73%
one
73%
to
73%
we're
73%
We're
73%
Generation
70%
my
70%
don't
68%
like
68%
for
65%
as
62%
Go
62%
kind
62%
that
62%
was
62%
all
59%
just
59%
kids,
59%
Then
59%
too
59%
with
59%
at
57%
die
57%
die,
57%
eyes
57%
oh
57%
Oh,
57%
time
57%
But
54%
‘Cause
54%
'Cause
54%
helpless,
54%
how
54%
I've
54%
out
54%
This
54%
this
54%
wanna
54%
about
51%
car
51%
friend
51%
life
51%
lose
51%
Millennium
51%
our
51%
Our
51%
selfish,
51%
times
51%
want
51%
By
49%
Can
49%
get
49%
got
49%
heard
49%
inside
49%
into
49%
million
49%
minds
49%
much
49%
room
49%
think,
49%
trouble
49%
always
46%
cursed
46%
light
46%
off
46%
Something
46%
Talk
46%
won't
46%
good?
43%
haven't
43%
home,
43%
it's
43%
Parents
43%
street
43%
town
43%
window
43%
asleep
41%
big
41%
both
41%
bound
41%
cares
41%
cars
41%
ending
41%
everyone
41%
fast
41%
gone
41%
Keying
41%
leave
41%
Let's
41%
meet
41%
moms
41%
Moon?
41%
move
41%
night
41%
pursue
41%
soon
41%
ten
41%
Walking
41%
wherever
41%
world's
41%
worthless,
41%
blue
38%
called
38%
decay
38%
dreams
38%
earth
38%
grew
38%
laugh
38%
lawns
38%
livin'
38%
noon
38%
place
38%
radium
38%
rate
38%
sneaking
38%
suburbian
38%
turn
38%
use
38%
parked
35%
Since
35%
trying?
35%
exactly
32%
till
32%
what's
32%
rot
30%
No matching quizzes found
Score Distribution
Percent of People with Each Score
Percentile by Number Answered
Your Score History
You have not taken this quiz